000 00493nam a2200169Ia 4500
008 100122s9999 xx 000 0 und d
082 _b54822
_a242.9
100 _aSTAUDACHER CAROL
245 _aA TIME TO GRIEVE
260 _bSOUVENIR PRESS
_c1988
300 _a251
520 _aMeditaitions for healing after the daeth of a loved one
620 _aMeditaitions for healing after the daeth of a loved one
630 _aA TIME TO GRIEVE
730 _aA TIME TO GRIEVE
942 _cBOOK
999 _c376337
_d376334